[Event "COL-ch Rapid"]
[Site "Villavicencio"]
[Date "2021.11.14"]
[Round "4"]
[White "Obando Guzman, Soren Federico"]
[Black "Sanchez, Sebastian Felipe"]
[Result "0-1"]
[WhiteElo "1991"]
[BlackElo "2412"]
[PlyCount "64"]
[EventDate "2021.11.13"]
[EventType "swiss (rapid)"]
[EventRounds "9"]
[EventCountry "COL"]
[SourceTitle "CBM 205 Extra"]
[Source "ChessBase"]
[SourceDate "2022.01.31"]
[SourceVersion "1"]
[SourceVersionDate "2022.01.31"]
[SourceQuality "1"]

1. d4 Nf6 2. c4 e6 3. Nf3 d5 4. g3 Bb4+ 5. Nc3 dxc4 6. Qa4+ Nc6 7. Bg2 Bd7 8. Qc2 Rb8 9. 0-0 b5 10. Rd1 Be7 11. e4 0-0 12. d5 Nb4 13. Qe2 exd5 14. e5 Re8 15. exf6 Bxf6 16. Qf1 Bf5 17. Be3 Bd3 18. Rxd3 Nxd3 19. Bxa7 b4 20. Nd1 Ra8 21. Bd4 c5 22. Bxf6 Qxf6 23. Ne3 Rxe3 24. fxe3 Qxb2 25. Ng5 Rf8 26. Bxd5 Ne5 27. Rb1 Qd2 28. Qf4 Qxd5 29. Rf1 h6 30. Ne4 c3 31. Qf5 f6 32. Qf4 f5 0-1

[Event "Soacha op-A"]
[Site "Soacha"]
[Date "2021.09.12"]
[Round "9"]
[White "Obando Guzman, Soren Federico"]
[Black "Zuluaga Mancilla, Cesar"]
[Result "0-1"]
[WhiteElo "2056"]
[BlackElo "2256"]
[PlyCount "88"]
[EventDate "2021.09.08"]
[EventType "swiss"]
[EventRounds "10"]
[EventCountry "COL"]
[SourceTitle "CBM 204 Extra"]
[Source "ChessBase"]
[SourceDate "2021.11.30"]
[SourceVersion "1"]
[SourceVersionDate "2021.11.30"]
[SourceQuality "1"]

1. d4 d5 2. c4 c6 3. Nf3 Nf6 4. Nc3 a6 5. a4 Bf5 6. Qb3 Ra7 7. a5 dxc4 8. Qxc4 h6 9. g3 e6 10. Bg2 Nbd7 11. 0-0 Be7 12. Nd2 Bh7 13. e4 0-0 14. d5 Ne5 15. Qb3 exd5 16. exd5 Nd3 17. dxc6 bxc6 18. Nc4 Bc5 19. Be3 Nd5 20. Bxc5 Nxc5 21. Qa3 Nd3 22. Nxd5 cxd5 23. Nb6 d4 24. Rad1 Ne5 25. Qc5 Nd3 26. Qa3 Ne5 27. Rfe1 Re8 28. Qc5 Rae7 29. Rxd4 Nf3+ 30. Bxf3 Rxe1+ 31. Kg2 Bd3 32. h4 Bf1+ 33. Kh2 Qf6 34. Rf4 Qe6 35. Bg4 Qe7 36. b4 Qxc5 37. bxc5 Rc1 38. c6 Ree1 39. Bd7 Be2 40. f3 Bb5 41. Nc4 Re2+ 42. Kh3 Bxc4 43. c7 Be6+ 44. Bxe6 Rxe6 0-1

[Event "Soacha op-A"]
[Site "Soacha"]
[Date "2021.09.11"]
[Round "7"]
[White "Obando Guzman, Soren Federico"]
[Black "Mogollon Tobar, Nicolle Juliet"]
[Result "0-1"]
[WhiteElo "2056"]
[BlackElo "1797"]
[PlyCount "68"]
[EventDate "2021.09.08"]
[EventType "swiss"]
[EventRounds "10"]
[EventCountry "COL"]
[SourceTitle "CBM 204 Extra"]
[Source "ChessBase"]
[SourceDate "2021.11.30"]
[SourceVersion "1"]
[SourceVersionDate "2021.11.30"]
[SourceQuality "1"]

1. d4 Nf6 2. c4 b6 3. f3 Nc6 4. Nc3 e5 5. d5 Ne7 6. e4 Ng6 7. Be3 Bc5 8. Qd2 d6 9. 0-0-0 h6 10. h4 0-0 11. Nge2 a6 12. Ng3 Bxe3 13. Qxe3 Ne7 14. Bd3 b5 15. c5 dxc5 16. Qxc5 Qd6 17. Qe3 c5 18. dxc6 Qxc6 19. Kb1 b4 20. Nd5 Nexd5 21. exd5 Nxd5 22. Qe4 f5 23. Qxe5 Nc3+ 24. bxc3 bxc3 25. Ka1 Be6 26. Nh5 Rf7 27. Nf4 Bxa2 28. Qa5 Bb3 29. Rc1 c2 30. Rhe1 Qd6 31. Kb2 Rb8 32. g3 Qd4+ 33. Ka3 Ba4 34. Bb5 Rxb5 0-1

[Event "Soacha op-A"]
[Site "Soacha"]
[Date "2021.09.08"]
[Round "2"]
[White "Gomez, Jorge Leonardo"]
[Black "Obando Guzman, Soren Federico"]
[Result "1-0"]
[WhiteElo "1813"]
[BlackElo "2056"]
[PlyCount "82"]
[EventDate "2021.09.08"]
[EventType "swiss"]
[EventRounds "10"]
[EventCountry "COL"]
[SourceTitle "CBM 204 Extra"]
[Source "ChessBase"]
[SourceDate "2021.11.30"]
[SourceVersion "1"]
[SourceVersionDate "2021.11.30"]
[SourceQuality "1"]

1. e4 c5 2. Nc3 a6 3. f4 b5 4. g3 Bb7 5. Bg2 e6 6. d3 b4 7. Na4 Bc6 8. b3 Bxa4 9. bxa4 Qa5 10. Nf3 Nf6 11. 0-0 Qxa4 12. Ne5 Nc6 13. Nc4 Rb8 14. f5 Nd4 15. Bf4 Rb7 16. Rf2 Be7 17. Nd6+ Bxd6 18. Bxd6 Qc6 19. e5 Nd5 20. Qg4 Kd8 21. Qxg7 Re8 22. Qxf7 Nb5 23. f6 Nxd6 24. exd6 Qxd6 25. Qxh7 Kc7 26. Raf1 Rbb8 27. Bxd5 Qxd5 28. f7 Rh8 29. Qe4 Qh5 30. Qf4+ d6 31. Qf6 Kd7 32. Re1 e5 33. Re4 Qh3 34. g4 Rbf8 35. g5 Qh5 36. Qf5+ Kc6 37. g6 Qd1+ 38. Kg2 Rh5 39. Qg4 Rxh2+ 40. Kxh2 Rh8+ 41. Qh4 Kd5 1-0